Bauinschriften römischer Kaiser : Untersuchungen zu Inschriftenpraxis und Bautätigkeit in Städten des westlichen Imperium Romanum in der Zeit des Prinzipats
Saved in:
| Main Author: | |
|---|---|
| Document Type: | Thesis Book |
| Language: | German |
| Published: |
Stuttgart
: Steiner
, 2001
|
| Series: | Historia Einzelschriften
157 |
| Subjects: | |
| Online Access: | Inhaltsverzeichnis Rezension Rezension Rezension |
| Related Items: | Rezension:
[Rezension von: Marietta Horster, Bauinschriften römischer Kaiser] Rezension: Roms Kaiser als Bauherren |
| Author Notes: | Marietta Horster |
| LEADER | 05776cam a2201105 c 4500 | ||
|---|---|---|---|
| 001 | 336387806 | ||
| 003 | DE-627 | ||
| 005 | 20260519190333.0 | ||
| 007 | tu | ||
| 008 | 011113s2001 gw ||||| mr 00| ||ger c | ||
| 015 | |a 01,N39,0893 |2 dnb | ||
| 015 | |a 02,H04,2810 |2 dnb | ||
| 016 | 7 | |a 962091863 |2 DE-101 | |
| 020 | |a 3515079513 |9 3-515-07951-3 | ||
| 035 | |a (DE-627)336387806 | ||
| 035 | |a (DE-603)100186114 | ||
| 035 | |a (DE-576)095132023 | ||
| 035 | |a (DE-599)GBV336387806 | ||
| 035 | |a (OCoLC)722743035 | ||
| 035 | |a (OCoLC)722743035 | ||
| 035 | |a (OCoLC)48546346 | ||
| 035 | |a (OCoLC)248919825 | ||
| 040 | |a DE-627 |b ger |c DE-627 |e rakwb | ||
| 041 | |a ger | ||
| 044 | |c XA-DE | ||
| 050 | 0 | |a CN525 | |
| 082 | 0 | |a 363/.0937/09015 | |
| 082 | 0 | |a 363.093709015 | |
| 084 | |a 45 |a 63 |2 sdnb | ||
| 084 | |a 63 |a 45 |2 sdnb | ||
| 084 | |a 6,14 |2 ssgn | ||
| 084 | |a NH 8550 |2 rvk |0 (DE-625)rvk/125814: | ||
| 084 | |a ND 4300 |q BVB |2 rvk |0 (DE-625)rvk/124910: | ||
| 084 | |a NH 7725 |q BVB |2 rvk |0 (DE-625)rvk/125785:12250 | ||
| 084 | |a NH 8450 |q BVB |2 rvk |0 (DE-625)rvk/125812: | ||
| 084 | |a 15.14 |2 bkl | ||
| 084 | |a 15.28 |2 bkl | ||
| 090 | |a a | ||
| 100 | 1 | |a Horster, Marietta |d 1961- |0 (DE-588)115242058 |0 (DE-627)556361296 |0 (DE-576)289823587 |4 aut | |
| 245 | 1 | 0 | |a Bauinschriften römischer Kaiser |b Untersuchungen zu Inschriftenpraxis und Bautätigkeit in Städten des westlichen Imperium Romanum in der Zeit des Prinzipats |c Marietta Horster |
| 263 | |a DM 189.71, EUR 97.00, sfr 163.20, S 1385.00 | ||
| 264 | 1 | |a Stuttgart |b Steiner |c 2001 | |
| 300 | |a X, 496 S. |b graph. Darst. | ||
| 336 | |a Text |b txt |2 rdacontent | ||
| 337 | |a ohne Hilfsmittel zu benutzen |b n |2 rdamedia | ||
| 338 | |a Band |b nc |2 rdacarrier | ||
| 490 | 1 | |a Historia |a Einzelschriften |v 157 | |
| 500 | |a Literaturverzeichnis Seite [471] - 496 | ||
| 502 | |a Zugl. überarb. u. aktualisierte Fassung von: Köln, Univ., Diss., 1995, | ||
| 583 | 1 | |a Archivierung/Langzeitarchivierung gewährleistet |f PEBW |x XA-DE-BW |2 pdager |5 DE-24 | |
| 583 | 1 | |a Archivierung/Langzeitarchivierung gewährleistet |f SSG |x XA-DE-BW |2 pdager |5 DE-16 | |
| 650 | 0 | |a Inscriptions, Latin |x Rome | |
| 650 | 0 | |a Inscriptions, Latin |x Europe, Western | |
| 650 | 0 | |a Inscriptions, Latin |x Africa, Northwest | |
| 650 | 0 | |a Architecture, Roman |x Political aspects | |
| 650 | 0 | |a Emperors |x Rome | |
| 650 | 0 | 7 | |0 (DE-588)4114123-4 |0 (DE-627)105824534 |0 (DE-576)209482095 |a Kaiser |2 gnd |
| 650 | 0 | 7 | |0 (DE-588)4047276-0 |0 (DE-627)104288779 |0 (DE-576)209073020 |a Prinzipat |2 gnd |
| 650 | 0 | 7 | |0 (DE-588)4229537-3 |0 (DE-627)104947497 |0 (DE-576)210339942 |a Bauinschrift |2 gnd |
| 650 | 4 | |a Tabellenwerk, Kaiser, Stadtbefestigung, Beteiligung, Mauer | |
| 651 | 0 | |a Rome |x Sources |x History |x Empire, 30 B.C.-284 A.D | |
| 651 | 0 | |a Europe, Western |x Antiquities, Roman | |
| 651 | 0 | |a Africa, Northwest |x Antiquities, Roman | |
| 651 | 7 | |0 (DE-588)4076778-4 |0 (DE-627)106082094 |0 (DE-576)209202882 |a Römisches Reich |2 gnd | |
| 655 | 7 | |a Hochschulschrift |0 (DE-588)4113937-9 |0 (DE-627)105825778 |0 (DE-576)209480580 |2 gnd-content | |
| 655 | 7 | |a Verzeichnis |0 (DE-588)4188171-0 |0 (DE-627)105266639 |0 (DE-576)210051078 |2 gnd-content | |
| 689 | 0 | 0 | |d g |0 (DE-588)4076778-4 |0 (DE-627)106082094 |0 (DE-576)209202882 |a Römisches Reich |2 gnd |
| 689 | 0 | 1 | |d s |0 (DE-588)4229537-3 |0 (DE-627)104947497 |0 (DE-576)210339942 |a Bauinschrift |2 gnd |
| 689 | 0 | 2 | |a z |2 gnd |a Geschichte 27 v. Chr.-284 |
| 689 | 0 | |5 DE-101 | |
| 751 | |a Köln |0 (DE-588)4031483-2 |0 (DE-627)106265458 |0 (DE-576)208992669 |4 uvp | ||
| 787 | 0 | 8 | |i Rezension |a Witschel, Christian, 1966 - |t [Rezension von: Marietta Horster, Bauinschriften römischer Kaiser] |d 2004 |w (DE-627)190585031X |
| 787 | 0 | 8 | |i Rezension |a Alföldy, Géza, 1935 - 2011 |t Roms Kaiser als Bauherren |d 2002 |w (DE-627)1884054749 |
| 830 | 0 | |a Historia |p Einzelschriften |v 157 |9 157 |w (DE-627)129555231 |w (DE-576)015012093 |w (DE-600)220487-3 |x 0341-0056 |7 am | |
| 856 | 4 | 2 | |u http://www.gbv.de/dms/hebis-darmstadt/toc/100186114.pdf |m V:DE-603 |m B:DE-17 |q pdf/application |x Verlag |y Inhaltsverzeichnis |3 Inhaltsverzeichnis |7 1 |
| 856 | 4 | 2 | |u https://swbplus.bsz-bw.de/bsz095132023rez.htm |m V:DE-576 |v 2006-08-24 |3 Rezension |7 1 |
| 856 | 4 | 2 | |u http://www.sehepunkte.de/2004/10/2949.html |m V:DE-576;X:Sehepunkte |q text/html |v 20180424122923 |3 Rezension |7 1 |
| 856 | 4 | 2 | |u http://scans.hebis.de/HEBCGI/show.pl?10018611_rez.pdf |m V:DE-576 |q application/pdf |3 Rezension |7 1 |
| 935 | |i sf | ||
| 935 | |i Blocktest | ||
| 936 | r | v | |a NH 8550 |b Wirtschafts- und Sozialgeschichte |k Geschichte |k Griechisch-römische Geschichte |k Römische Geschichte |k Teilbereiche der römischen Geschichte |k Wirtschafts- und Sozialgeschichte |0 (DE-627)1270921185 |0 (DE-625)rvk/125814: |0 (DE-576)200921185 |
| 936 | r | v | |a ND 4300 |b Allgemeine Quellen |k Geschichte |k Historische Hilfswissenschaften |k Epigrafik |k Lateinische (römische) Inschriften |k Allgemeine Quellen |0 (DE-627)1271446138 |0 (DE-625)rvk/124910: |0 (DE-576)201446138 |
| 936 | r | v | |a NH 7725 |b Sonstiges |k Geschichte |k Griechisch-römische Geschichte |k Römische Geschichte |k Regionalgeschichte des Römischen Reiches |k Westeuropa |k Westeuropa insgesamt |k Sonstiges |0 (DE-627)1271618044 |0 (DE-625)rvk/125785:12250 |0 (DE-576)201618044 |
| 936 | r | v | |a NH 8450 |b Rechtsgeschichte |k Geschichte |k Griechisch-römische Geschichte |k Römische Geschichte |k Teilbereiche der römischen Geschichte |k Rechtsgeschichte |0 (DE-627)1270989502 |0 (DE-625)rvk/125812: |0 (DE-576)200989502 |
| 936 | b | k | |a 15.14 |j Diplomatik |j Epigraphik |0 (DE-627)181569639 |
| 936 | b | k | |a 15.28 |j Römisches Reich |0 (DE-627)106405128 |
| 936 | s | n | |a n100 |2 mzub |
| 936 | s | n | |a m200 |2 mzub |
| 936 | s | n | |a z210 |2 mzub |
| 951 | |a BO | ||
| 990 | |a Römisches Reich | ||
| 990 | |a Bauinschrift | ||
| 990 | |a Geschichte 27 v. Chr.-284 | ||
| 991 | |a Rezensiertes Werk | ||
| 999 | |a KXP-PPN336387806 |e 4967338747 | ||


